Fragen aus der Wissenschaft - Buchstabe X - Statistiken

Allgemein
  • Dieses Quiz wurde 78 mal gespielt
  • Das Durchschnittsergebnis liegt bei 7 aus 20
Antwortstatistiken
Hinweis Antwort % Korrekt
Edelgas, wird in Fahrzeugscheinwerfern verwendet Xenon
96%
Musikinstrument mit gestimmten Holzstäben Xylophon
96%
Bestimmt das genetische Geschlecht - Frauen haben 2, Männer 1 X-Chromosom
90%
Fehlstellung, bei der sich die Knie berühren und die Knöchel weit entfernt sind X-Bein
89%
Von Röntgen verwendeter Begriff für seine Entdeckung X-Strahlen
86%
Horizontale Linie im Koordinatensystem durch den Ursprung (0/0) X-Achse
74%
Angst oder Ablehnung gegenüber Fremdem Xenophobie
46%
Zuckeraustauschstoff, Birkenzucker - häufig in zuckerfreien Kaugummis Xylit
39%
Natürlich vorkommendes Verdickungs- und Geliermittel (E415) Xanthan
34%
Logische Verknüpfung - wahr, wenn zwei Dinge ungleich sind XOR
13%
Aromatisches Lösemittel in der chemischen Industrie Xylol
13%
Leitgewebe der Pflanzen für den Wassertransport Xylem
10%
Der in der Natur am zweithäufigsten vorkommende Einfachzucker Xylose
7%
Gelbes Blattpigment, Teil der Photosynthese Xanthophyll
3%
Trockendruckverfahren, Grundlage für Fotokopierer Xerographie
3%
Rumänischer Komponist - nutzte mathematische Strukturen in Musik Iannis Xenakis
1%
Wissenschaft vom künstlichen Leben mit nicht-natürlichen Bausteinen (DNA...) Xenobiologie
1%
Medizinischer Begriff für Mundtrockenheit Xerostomie
1%
Philosoph aus der Antike, Schüler Platons Xenokrates
0%
Holzschnittkunst, alte Drucktechnik Xylographie
0%
Keine übereinstimmenden Quizze gefunden
Verteilung der Resultate
Anzahl Personen mit jedem Resultat
Perzentil nach korrekt beantworteten Fragen
Ihre Resultats-Entwicklung
Sie haben dieses Quiz noch nicht gespielt